El Poder visto desde abajo: democracia, educación y ciudadanía en espacios locales /

Guardado en:
書目詳細資料
主要作者: Tanaka, Martín
Autores Corporativos: IEP, Instituto de Estudios Peruanos
其他作者: comp Ames, Patricia Sulmont, David Uccelli, Francesca Vargas, Carlos
格式: Texto
出版: Lima: IEP
主題:
標簽: 添加標簽
沒有標簽, 成為第一個標記此記錄!

MARC

LEADER 00000 a a2200000 04500
001 28611
003
040 |a CRAI/IIS  |c CRAI/IIS 
020 |a 9972-51-036-0  
090 |a 189202  
100 |a Tanaka, Martín  
110 |a IEP  
245 |a El Poder visto desde abajo: democracia, educación y ciudadanía en espacios locales /  |c IEP  
260 |a Lima:   |b IEP  
300 |a 334 p  
500 |a Versión más extensa en: El nuevo mapa político peruano. Partidos políticos, movimientos nacionales e independentistas (Documento de Trabajo n° 103, IEP).Versión prelimirar fuen presentada en el Seminario "Democracia, representación política y ciudadanía 
650 |a GOBIERNO LOCAL  
650 |a COMPORTAMIENTO POLITICO  
650 |a LIDERAZGO POLITICO  
700 |a comp   |a Ames, Patricia   |a Sulmont, David   |a Uccelli, Francesca   |a Vargas, Carlos  
710 |a Instituto de Estudios Peruanos  
999 |c 17719  |d 17719